| 000 | 00667cam a2200205 4500 | ||
|---|---|---|---|
| 001 | WB3613-33 | ||
| 008 | 000000n2000 000 0 eng u | ||
| 035 | _a(Sirsi) u105050 | ||
| 245 | _aBan on lamb looms | ||
| 260 | _c2000 | ||
| 490 |
_aIndependent _v25 March 2000, 4(1) |
||
| 520 | _aEurope is proposing to ban certain British lamb products because of the small risk of BSE crossing over into sheep. The proposed legislation which concerns offal products would effectively outlaw products such as the sausage. | ||
| 590 | _aWB | ||
| 650 | _aLAMB | ||
| 650 | _aSHEEP INDUSTRY | ||
| 650 | _aBSE | ||
| 650 | _aOFFAL | ||
| 690 |
_aRural _96268 |
||
| 942 | _n0 | ||
| 999 |
_c62998 _d62998 |
||